|
|
|
|
| LEADER |
00000cam a2200000 a 4500 |
| 001 |
vtls008863492 |
| 003 |
SK-MaSNL |
| 005 |
20260302051805.0 |
| 008 |
240318s1555 gw 1 lat |
| 015 |
|
|
|a SNBHFA1555
|
| 020 |
|
|
|q viazaná
|
| 035 |
|
|
|a urn:nbn:sk:snk-am00gdh2
|
| 035 |
|
|
|a urn:nbn:sk:snk-am3iz9t
|
| 035 |
|
|
|a 8A46AE5A-F7C1-44AB-A624-D4C620981C5F
|
| 040 |
|
|
|a SNKHF
|b slo
|c SNK
|e AACR2
|
| 041 |
0 |
|
|a lat
|
| 044 |
|
|
|a gw
|c DE
|
| 100 |
1 |
|
|a Nausea, Friedrich,
|d asi 1490-1552
|4 aut
|9 172626
|
| 245 |
1 |
0 |
|a Reverend. In Christo Patris Ac Domini, D. Friderici Episcopi Viennensis, cognomento Nauseae Blancicampiani, sacrae Theologiae et LL. Doctoris, Ecclesiastae Consiliarijque Regij Catholicarum Postillarum et Homiliarum
|b in totius anni tam de Tempore quam de Sanctis Euangelia, Epitome siue Compendivm Cum Indice et pristinis Additamentis. Rom. 9. Verbum reuiatum faciet Dns super terram
|
| 260 |
|
|
|a Coloniae
|b ex officina haeredu Ioannis Quentel
|c anno post Christi natiuitatem M.D.L V [=1555]
|
| 300 |
|
|
|a [24], 637 strán
|c 15 cm
|
| 500 |
|
|
|a Drevorez na rube titulného listu, ozdobná iniciálka s figurálnym pozadím na 8 riadkov, marginálie, kustody
|
| 561 |
|
|
|a Proveniencia: Ex Libris Joannis Hersányi Parochi Mossovien.
|5 SNK IE 5052
|
| 562 |
|
|
|a Rukopisná poznámka, slovenská modlitba na prídoští podpísaná L.B..
|5 SNK IE 5052
|
| 563 |
|
|
|a Väzba: renesančná s ornamentálnou slepotlačou.
|5 SNK IE 5052
|
| 700 |
1 |
|
|a Haršáni, Ján
|4 fmo
|9 707881
|
| 710 |
0 |
|
|a Quentel, Johann - dedičia (Kolín nad Rýnom, Nemecko),
|d 1551-1597
|4 prt
|9 179154
|
| 752 |
|
|
|a Nemecko
|d Kolín nad Rýnom
|
| 852 |
|
|
|a snk
|b Historické fondy
|p IE 5052
|
| 958 |
|
|
|a ONDV
|
| 999 |
|
|
|c 1102523
|d 1104453
|
| 952 |
|
|
|t Tlače 16. stor.
|a SNK
|b SNK
|c SNK_HF
|y PREZ
|7 0
|p 17A1301928
|o snkIE 5052
|i snkF 507/73
|8 5
|0 0
|1 0
|4 0
|d 2018-11-27
|f 1
|l 0
|r 2026-02-24 17:35:22
|w 2026-02-24
|